000 01096nam a22003377a 4500
001 000022864
003 CHAP
005 20220329134533.0
008 971013s1968 r 00010 d
010 _a21819
011 _a22791
035 _a26886
040 _cCHAP
090 _aFolleto 4776
110 2 _aAsociación Mexicana de Profesionistas Forestales, A. C.
_98069
245 1 0 _aCenso Nacional de profesionistas forestales mexicanos (1o.).
260 _aMéxico, D.F. :
_bAsociación Mexicana de Profesionistas Forestales, A.C.,
_c1968.
300 _a48 p.
590 _aBATCH-UPD
_b10
_c20130110
_lUCH01
_h2156
590 _aBATCH-UPD
_b10
_c20130410
_lUCH01
_h1504
590 _aBATCH-UPD
_b10
_c20130914
_lUCH01
_h0709
590 _aCONVERSION
_b10
_c20130109
_lUCH01
_h1313
590 _aE6096MTM
_b05
_c20150429
_lUCH01
_h0923
650 1 4 _aBosques
_xDirectorios.
_914124
650 1 4 _aBosques
_xDirectorios
_xMéxico.
_914126
901 _aBK
942 _cFOLL
942 _n0
949 _bBC
_cFOLL
_d-62056
_eTS1
_i26886
_mD
_si
949 _bBC
_cFOLL
_d-62058
_eTS2
_fc.2
_i26886
_mD
_si
999 _c21819
_d21819